Housing market - is it overheating? (Record no. 117483)

MARC details
000 -LEADER
fixed length control field 01074cam a2200229 4500
001 - CONTROL NUMBER
control field ABS67846
008 - FIXED-LENGTH DATA ELEMENTS--GENERAL INFORMATION
fixed length control field 040604n2004 000 0 eng u
035 ## - SYSTEM CONTROL NUMBER
System control number (Sirsi) u126424
100 ## - MAIN ENTRY--PERSONAL NAME
Personal name Cheung, R.
245 ## - TITLE STATEMENT
Title Housing market - is it overheating?
260 ## - PUBLICATION, DISTRIBUTION, ETC.
Date of publication, distribution, etc. 2004
490 ## - SERIES STATEMENT
Series statement Surveyors' Times [Hong Kong Institute of Surveyors]
Volume/sequential designation 13(4) April 2004, 21(1)
520 ## - SUMMARY, ETC.
Summary, etc. Examines whether the Hong Kong housing market is overheating. Analyses the characteristics of the current housing market such as price increases, activities in secondary residential sales, resale listing and trade in ratio. Concludes that recent transaction records show only about 30% of flat-buyers are not end-users, showing the housing market is still driven by owner-occupiers. Additionally, the secondary housing market only grew 2.4% in February 2004, showing only healthy growth.
590 ## - LOCAL NOTE (RLIN)
Local note ABS
590 ## - LOCAL NOTE (RLIN)
Local note ABS
650 ## - SUBJECT ADDED ENTRY--TOPICAL TERM
Topical term or geographic name entry element HONG KONG
650 ## - SUBJECT ADDED ENTRY--TOPICAL TERM
Topical term or geographic name entry element RESIDENTIAL SALES
650 ## - SUBJECT ADDED ENTRY--TOPICAL TERM
Topical term or geographic name entry element OWNER-OCCUPIERS
650 ## - SUBJECT ADDED ENTRY--TOPICAL TERM
Topical term or geographic name entry element SECONDARY MARKET
690 ## - LOCAL SUBJECT ADDED ENTRY--TOPICAL TERM (OCLC, RLIN)
Topical term or geographic name as entry element HOUSING-MARKET
942 ## - ADDED ENTRY ELEMENTS (KOHA)
Suppress in OPAC 0
Holdings
Withdrawn status Lost status Source of classification or shelving scheme Damaged status Not for loan Home library Current library Shelving location Date acquired Total Checkouts Full call number Barcode Date last seen Copy number Price effective from Koha item type
    Dewey Decimal Classification     London London Journal article 04/06/2004   ABS67846 126424-1001 06/08/2019 1 06/08/2019 Journal article